000 00480nam a22002057a 4500
003 bpm
005 20260417103200.0
008 260417b |||||||| |||| 00| f spa d
020 _a9500404052
024 _aS. C. C. / M. C. y E. M.:
040 _aAR-CtUCP
041 _aspa
080 _aCDU
100 _aSanders Lawrence
245 _aLa pasión de Molly
260 _aBuenos Aires
_bEmecé
_c1985
650 _aLiteratura - Novela
942 _cLIB
999 _c76663
_d76663